000 002550000a22000970004500
100 1 _aKraft, Charles H. (1924- )
245 1 0 _aMy pilgrimage in mission
300 _aVol. 22, Núm 4 (1998), Páginas 162-165
773 0 _tInternational Bulletin
942 _cANA
999 _c57318
_d57318